| 000 -LEADER |
| fixed length control field |
00552nam a22001577a 4500 |
| 008 - FIXED-LENGTH DATA ELEMENTS--GENERAL INFORMATION |
| fixed length control field |
120406t xxu||||| |||| 00| 0 eng d |
| 050 ## - LIBRARY OF CONGRESS CALL NUMBER |
| Classification number |
BM 535 |
| Item number |
.B48 B4 |
| 100 ## - MAIN ENTRY--PERSONAL NAME |
| Personal name |
Betzer, Dan. |
| 9 (RLIN) |
1165 |
| 245 ## - TITLE STATEMENT |
| Title |
Betrayal |
| Remainder of title |
The new attitude toward Israel. |
| 260 ## - PUBLICATION, DISTRIBUTION, ETC. (IMPRINT) |
| Place of publication, distribution, etc |
Springfield, Mo. |
| Name of publisher, distributor, etc |
The General Council of the Assemblies of God |
| -- |
Revivaltime Media Ministries |
| Date of publication, distribution, etc |
1992. |
| 300 ## - PHYSICAL DESCRIPTION |
| Extent |
35 p. |
| Dimensions |
19 cm. |
| 650 ## - SUBJECT ADDED ENTRY--TOPICAL TERM |
| Topical term or geographic name as entry element |
Israel |
| General subdivision |
Relations with United States. |
| 9 (RLIN) |
2353 |
| 650 ## - SUBJECT ADDED ENTRY--TOPICAL TERM |
| Topical term or geographic name as entry element |
United States |
| General subdivision |
Relations with Israel. |
| 9 (RLIN) |
2354 |
| 650 ## - SUBJECT ADDED ENTRY--TOPICAL TERM |
| Topical term or geographic name as entry element |
Jews. |
| 9 (RLIN) |
1079 |
| 942 ## - ADDED ENTRY ELEMENTS (KOHA) |
| Source of classification or shelving scheme |
|
| Item type |
Books |